<?xml version="1.0" encoding="UTF-8"?>
<record
    xmlns:xsi="http://www.w3.org/2001/XMLSchema-instance"
    xsi:schemaLocation="http://www.loc.gov/MARC21/slim http://www.loc.gov/standards/marcxml/schema/MARC21slim.xsd"
    xmlns="http://www.loc.gov/MARC21/slim">

  <leader>01758nim a2200409 i 4500</leader>
  <controlfield tag="001">197350</controlfield>
  <controlfield tag="003">ES-MaACL</controlfield>
  <controlfield tag="005">20251012063106.0</controlfield>
  <controlfield tag="007">ss lsnjlcipnne</controlfield>
  <controlfield tag="008">140525s1991    sp nnnn  |||| 00|   spa d</controlfield>
  <datafield tag="040" ind1=" " ind2=" ">
    <subfield code="b">spa</subfield>
    <subfield code="c">ES-MaACL</subfield>
  </datafield>
  <datafield tag="100" ind1="1" ind2=" ">
    <subfield code="a">Rodr&#xED;guez, Francisco, </subfield>
    <subfield code="d">1945-</subfield>
    <subfield code="e">aut</subfield>
    <subfield code="9">98242</subfield>
  </datafield>
  <datafield tag="245" ind1="0" ind2="0">
    <subfield code="a">La desmitificaci&#xF3;n del eurocentrismo por la literatura gallega contempor&#xE1;nea </subfield>
    <subfield code="h">[Grabaci&#xF3;n sonora] /</subfield>
    <subfield code="c">por Francisco Rodr&#xED;guez ; presenta Lauro Olmo </subfield>
  </datafield>
  <datafield tag="260" ind1=" " ind2=" ">
    <subfield code="a">Madrid : </subfield>
    <subfield code="b">Ateneo de Madrid, </subfield>
    <subfield code="c">1991</subfield>
  </datafield>
  <datafield tag="300" ind1=" " ind2=" ">
    <subfield code="a">2 casetes (ca. 180 min) :</subfield>
    <subfield code="b">son. ;</subfield>
    <subfield code="c">11 cm</subfield>
  </datafield>
  <datafield tag="336" ind1=" " ind2=" ">
    <subfield code="2">rdacontent</subfield>
    <subfield code="a">texto</subfield>
  </datafield>
  <datafield tag="337" ind1=" " ind2=" ">
    <subfield code="2">rdamedia</subfield>
    <subfield code="a">sin mediaci&#xF3;n</subfield>
  </datafield>
  <datafield tag="338" ind1=" " ind2=" ">
    <subfield code="2">rdacarrier</subfield>
    <subfield code="a">volumen</subfield>
  </datafield>
  <datafield tag="490" ind1="1" ind2=" ">
    <subfield code="3">Actos culturales en el Ateneo de Madrid</subfield>
  </datafield>
  <datafield tag="511" ind1=" " ind2=" ">
    <subfield code="a">Realizada por Francisco Rodr&#xED;guez, catedr&#xE1;tico y presenta Lauro Olmos.  de Madrid. </subfield>
  </datafield>
  <datafield tag="518" ind1=" " ind2=" ">
    <subfield code="a">Grabado el 26 de abril de 1991 en el Sal&#xF3;n de Actos del Ateneo de Madrid.</subfield>
  </datafield>
  <datafield tag="520" ind1=" " ind2=" ">
    <subfield code="a">Conferencia sobre la literatura gallega contempor&#xE1;nea tratando de buscar alg&#xFA;n sustrato filos&#xF3;fico. </subfield>
  </datafield>
  <datafield tag="540" ind1=" " ind2=" ">
    <subfield code="a">Documento in&#xE9;dito</subfield>
  </datafield>
  <datafield tag="594" ind1=" " ind2=" ">
    <subfield code="5">Datos basados en la invitaci&#xF3;n.</subfield>
  </datafield>
  <datafield tag="610" ind1="2" ind2="0">
    <subfield code="a">Ateneo de Madrid-</subfield>
    <subfield code="x">Actos culturales-</subfield>
    <subfield code="y">1991-</subfield>
    <subfield code="v">Grabaciones sonoras</subfield>
    <subfield code="9">240452</subfield>
  </datafield>
  <datafield tag="651" ind1=" " ind2="7">
    <subfield code="9">168757</subfield>
    <subfield code="a">Galicia-</subfield>
    <subfield code="x">En la literatura</subfield>
  </datafield>
  <datafield tag="653" ind1=" " ind2=" ">
    <subfield code="a">Archivo de la palabra</subfield>
  </datafield>
  <datafield tag="655" ind1=" " ind2="0">
    <subfield code="a">Conferencias</subfield>
    <subfield code="9">234444</subfield>
  </datafield>
  <datafield tag="700" ind1="1" ind2=" ">
    <subfield code="9">86974</subfield>
    <subfield code="a">Olmo, Lauro,</subfield>
    <subfield code="d">1922-1994</subfield>
    <subfield code="e">pres</subfield>
  </datafield>
  <datafield tag="710" ind1="2" ind2=" ">
    <subfield code="a">Ateneo de Madrid. </subfield>
    <subfield code="b">C&#xE1;tedra Valle-Incl&#xE1;n</subfield>
    <subfield code="e">his</subfield>
    <subfield code="9">137505</subfield>
  </datafield>
  <datafield tag="830" ind1=" " ind2="0">
    <subfield code="a">Actos culturales en el Ateneo de Madrid</subfield>
    <subfield code="9">240237</subfield>
  </datafield>
  <datafield tag="852" ind1=" " ind2=" ">
    <subfield code="a">ES-MaACL</subfield>
    <subfield code="c">DEPOZ</subfield>
    <subfield code="9">205664</subfield>
    <subfield code="p">Cinta 1</subfield>
  </datafield>
  <datafield tag="852" ind1=" " ind2=" ">
    <subfield code="a">ES-MaACL</subfield>
    <subfield code="c">DEPOZ</subfield>
    <subfield code="9">205665</subfield>
    <subfield code="p">Cinta 2</subfield>
  </datafield>
  <datafield tag="942" ind1=" " ind2=" ">
    <subfield code="2">udc</subfield>
    <subfield code="n">0</subfield>
    <subfield code="c">CINTASAUD</subfield>
  </datafield>
  <datafield tag="999" ind1=" " ind2=" ">
    <subfield code="c">197350</subfield>
    <subfield code="d">197350</subfield>
  </datafield>
  <datafield tag="952" ind1=" " ind2=" ">
    <subfield code="0">0</subfield>
    <subfield code="1">0</subfield>
    <subfield code="2">udc</subfield>
    <subfield code="3">Cinta 1</subfield>
    <subfield code="4">0</subfield>
    <subfield code="7">0</subfield>
    <subfield code="8">archivo_palabra</subfield>
    <subfield code="a">ATENEOM</subfield>
    <subfield code="b">ATENEOM</subfield>
    <subfield code="c">DEPOZ</subfield>
    <subfield code="d">2025-05-21</subfield>
    <subfield code="l">0</subfield>
    <subfield code="o">AP/1283</subfield>
    <subfield code="p">2025-0396</subfield>
    <subfield code="r">2025-05-21 00:00:00</subfield>
    <subfield code="w">2025-05-21</subfield>
    <subfield code="y">CINTASAUD</subfield>
  </datafield>
  <datafield tag="952" ind1=" " ind2=" ">
    <subfield code="0">0</subfield>
    <subfield code="1">0</subfield>
    <subfield code="2">udc</subfield>
    <subfield code="3">Cinta 2</subfield>
    <subfield code="4">0</subfield>
    <subfield code="7">0</subfield>
    <subfield code="8">archivo_palabra</subfield>
    <subfield code="a">ATENEOM</subfield>
    <subfield code="b">ATENEOM</subfield>
    <subfield code="c">DEPOZ</subfield>
    <subfield code="d">2025-05-21</subfield>
    <subfield code="l">0</subfield>
    <subfield code="o">AP/1284</subfield>
    <subfield code="p">2025-0397</subfield>
    <subfield code="r">2025-05-21 00:00:00</subfield>
    <subfield code="w">2025-05-21</subfield>
    <subfield code="y">CINTASAUD</subfield>
  </datafield>
</record>
